000 00568nam a22001817a 4500
005 20180818124142.0
010 _aB-167543
020 _a8120325834
_c250.00
035 _aB-167543
037 _bPrentice Hall of India
082 _a620.11
100 _aBhargava, A.K.
245 _aEngineering Materials
_bpolymers,ceramics and composites/
_cby A.K. Bhargava
260 _aNew Delhi
_bPrentice Hall of India
_c2005
300 _axvii, 334p.
_c22cm(Pbk)
942 _2ddc
_cEN
_h620.11
_mBHA
999 _c156016
_d156016